Development on the Ground. (Record no. 7646)

MARC details
000 -LEADER
fixed length control field 00559nam a22001937a 4500
003 - CONTROL NUMBER IDENTIFIER
control field OSt
005 - DATE AND TIME OF LATEST TRANSACTION
control field 20220122113410.0
008 - FIXED-LENGTH DATA ELEMENTS--GENERAL INFORMATION
fixed length control field 220122b ||||| |||| 00| 0 eng d
020 ## - INTERNATIONAL STANDARD BOOK NUMBER
International Standard Book Number 9780415512763
040 ## - CATALOGING SOURCE
Transcribing agency DCC
082 ## - DEWEY DECIMAL CLASSIFICATION NUMBER
Classification number 771.54 DEV 2007
100 ## - MAIN ENTRY--PERSONAL NAME
Personal name Allen J Scott: Gioacchino,Garofoli
9 (RLIN) 15632
245 ## - TITLE STATEMENT
Title Development on the Ground.
Remainder of title Cluster, Networks and Regions in Emerging Economies.
260 ## - PUBLICATION, DISTRIBUTION, ETC. (IMPRINT)
Place of publication, distribution, etc. New York:
Name of publisher, distributor, etc. Routledge;
Date of publication, distribution, etc. 2007,
300 ## - PHYSICAL DESCRIPTION
Extent xii,346p.;
Dimensions 25cm.
504 ## - BIBLIOGRAPHY, ETC. NOTE
Bibliography, etc Includes Index.
650 ## - SUBJECT ADDED ENTRY--TOPICAL TERM
Topical term or geographic name as entry element Development.
9 (RLIN) 612
942 ## - ADDED ENTRY ELEMENTS (KOHA)
Source of classification or shelving scheme Dewey Decimal Classification
Koha item type Book
Holdings
Withdrawn status Lost status Source of classification or shelving scheme Damaged status Not for loan Home library Current library Date acquired Source of acquisition Inventory number Total Checkouts Full call number Barcode Date last seen Price effective from Koha item type
    Dewey Decimal Classification     MUST Main Library MUST Main Library 22/01/2022 Purchase 15/39560   771.54 DEV 2007 2022-0098 22/01/2022 22/01/2022 Book